Produkčná medzera v SR bakalárska práca

Salvato in:
Dettagli Bibliografici
Autore principale: Horváth, Gabriel
Ente Autore: Fakulta hospodárskej informatiky EU. Katedra operačného výskumu a ekonometrie
Altri autori: König, Brian, 1983-
Natura: Libro
Lingua:slovacco
Pubblicazione: Bratislava 2010
Tags: Aggiungi Tag
Nessun Tag, puoi essere il primo ad aggiungerne!!

MARC

LEADER 00000nbm a2200000 4500
001 0136156
005 20160428114439.7
041 0 |a slo 
044 |a SK 
245 1 0 |a Produkčná medzera v SR  |b bakalárska práca  |c Gabriel Horváth ; školiteľ: Brian König 
264 1 |a Bratislava  |c 2010 
300 |a 32 s. 
100 1 |a Horváth, Gabriel 
700 1 |a König, Brian, 1983- 
710 2 |a Fakulta hospodárskej informatiky EU. Katedra operačného výskumu a ekonometrie